| 000 | 00711nam a2200277Ia 4500 | ||
|---|---|---|---|
| 008 | 181129s9999 xx 000 0 und d | ||
| 020 | _a0590431455 | ||
| 050 | _bS713 1989 | ||
| 100 | _aSorensen, Virginia | ||
| 245 | 0 | _aMiracles on Maple Hill / | |
| 245 | 0 | _cby Virginia Sorensen ; illustrated by Beth and Joe Krush. | |
| 260 | _aNew York, NY : | ||
| 260 | _bScholastic, | ||
| 260 | _c1989 | ||
| 300 | _a180 pages : | ||
| 300 | _billustrations ; | ||
| 300 | _c19cm. | ||
| 500 | _a750L | ||
| 650 | _aCountry life. | ||
| 650 | _aDysfunctional families. | ||
| 650 | _aMoving, Household. | ||
| 650 | _aPennsylvania. | ||
| 700 | _aKrush, Beth. | ||
| 700 | _aKrush, Joe. | ||
| 700 | _aTitle. | ||
| 999 |
_c360083 _d360083 |
||